Allò que tot pagès ha de saber sobre l'explotació familiar i sobre l'explotació col·lectiva de la terra
Descripción Física:
16 p. ; 24 cm
Otros Autores:
Catalunya. Direcció General d'Agricultura
Materias:
Agricultura
MARC
| LEADER | 00000nam a2200000Ia 4500 | ||
|---|---|---|---|
| 001 | 10896 | ||
| 008 | 160829s1937 xx 000 0 cat d | ||
| 080 | |a RF-7-46 | ||
| 245 | |a Allò que tot pagès ha de saber sobre l'explotació familiar i sobre l'explotació col·lectiva de la terra | ||
| 260 | |a Barcelona : |b Generalitat de Catalunya, Direcció General d'Agricultura, |c 1937 | ||
| 300 | |a 16 p. ; |c 24 cm | ||
| 590 | |a Donatiu de la Biblioteca Popular de Granollers. | ||
| 650 | |a Agricultura |9 24522 | ||
| 700 | |a Catalunya. Direcció General d'Agricultura |9 26874 | ||
| 856 | 4 | |u https://media.diba.cat/diba/fitxers/arxiu/fulletons/bib_10896_1937_baixa.pdf |y Accés lliure | |
| 856 | 4 | |u https://media.diba.cat/diba/fitxers/arxiu/fulletons/bib_10896_1937_baixa.pdf |y Accés lliure | |
| 901 | |a Arxiu | ||
| 942 | |n 1 |2 udc | ||
| 952 | |0 0 |1 0 |4 0 |6 RF746 |7 1 |9 48266 |a Arxiu |b Arxiu |d 2016-12-01 |l 0 |o RF-7-46 |p 10896 |r 2016-12-01 00:00:00 |w 2016-12-01 |y ARXIU | ||
| 999 | |c 52072 |d 52072 | ||
| 900 | |a bib_10896_1937_baixa.pdf | ||